Особенности представления концепта будущего в политических программах; Молодой ученый; № 10 (90)

Podrobná bibliografie
Parent link:Молодой ученый: ежемесячный научный журнал.— , 2008-
№ 10 (90).— 2015.— [С. 1016-1018]
Hlavní autor: Зягинцева Е. В. Елена Вячеславовна
Korporativní autor: Национальный исследовательский Томский политехнический университет (ТПУ) Институт неразрушающего контроля (ИНК) Кафедра иностранных языков Института неразрушающего контроля (ИЯНК)
Další autoři: Сенцов А. Э. Аркадий Эдуардович
Shrnutí:Заглавие с экрана
Режим доступа: по договору с организацией-держателем ресурса
Jazyk:ruština
Vydáno: 2015
Edice:Политология
Témata:
On-line přístup:http://www.moluch.ru/archive/90/19190/
http://elibrary.ru/item.asp?id=23581044
Médium: MixedMaterials Elektronický zdroj Kapitola
KOHA link:https://koha.lib.tpu.ru/cgi-bin/koha/opac-detail.pl?biblionumber=642582

MARC

LEADER 00000naa0a2200000 4500
001 642582
005 20260105140907.0
035 |a (RuTPU)RU\TPU\network\7539 
035 |a RU\TPU\network\7537 
090 |a 642582 
100 |a 20150629d2015 k||y0rusy50 ca 
101 0 |a rus 
102 |a RU 
135 |a drcn ---uucaa 
181 0 |a i  
182 0 |a b 
200 1 |a Особенности представления концепта будущего в политических программах  |f Е. В. Зягинцева, А. Э. Сенцов 
203 |a Текст  |c электронный 
225 1 |a Политология 
300 |a Заглавие с экрана 
320 |a [Библиогр.: с. 1018 (9 назв.)] 
333 |a Режим доступа: по договору с организацией-держателем ресурса 
461 |t Молодой ученый  |o ежемесячный научный журнал  |d 2008- 
463 |t № 10 (90)  |v [С. 1016-1018]  |d 2015 
610 1 |a электронный ресурс 
610 1 |a труды учёных ТПУ 
610 1 |a политические партии 
610 1 |a программа партии 
610 1 |a концепт будущего 
610 1 |a политическая лингвистика 
700 1 |a Зягинцева  |b Е. В.  |g Елена Вячеславовна 
701 1 |a Сенцов  |b А. Э.  |c лингвист  |c доцент Томского политехнического университета, кандидат политических наук  |f 1983-  |g Аркадий Эдуардович  |3 (RuTPU)RU\TPU\pers\27933 
712 0 2 |a Национальный исследовательский Томский политехнический университет (ТПУ)  |b Институт неразрушающего контроля (ИНК)  |b Кафедра иностранных языков Института неразрушающего контроля (ИЯНК)  |3 (RuTPU)RU\TPU\col\18721 
801 2 |a RU  |b 63413507  |c 20150629  |g RCR 
856 4 0 |u http://www.moluch.ru/archive/90/19190/ 
856 4 0 |u http://elibrary.ru/item.asp?id=23581044 
942 |c CF